| 000 | 00918nas a2200289 4500 | ||
|---|---|---|---|
| 001 | BR2011004754 | ||
| 003 | BR-BrBNA | ||
| 005 | 20231205115106.0 | ||
| 007 | ta | ||
| 008 | 230509b bl.|||p| |||| 00| 00por d | ||
| 040 |
_aBR-BrBNA _bpor _cBiblioteca Nacional de Agricultura |
||
| 041 | _a(Pt) | ||
| 072 | _aH10 | ||
| 100 | 1 | _aBezerra, C.E.S. | |
| 100 | 1 | _aNogueira, C.H.F. | |
| 100 | 1 | _aSombra, K.D. da S. | |
| 100 | 1 | _aDemartelaere, A.C.F. | |
| 100 | 1 | _aAraújo, E.L. de | |
| 245 | 1 | _aCrisopídeos (Neuroptera: Chrysopidae): aspectos biológicos, potencial de utilização e perspectivas futuras | |
| 650 | _aINSETO PARA CONTROLE BIOLÓGICO | ||
| 650 | _aNEUROPTERA | ||
| 650 | _aPREDADOR | ||
| 650 | _aPRAGA DE PLANTA | ||
| 773 | 0 |
_tRevista Caatinga (Brazil) _xISSN 0100-316X _g(Jul-Sep 2009), v. 22(3) p. 252-256 _wBR2011004754 |
|
| 909 |
_a202311 _bLúcia _c55 _dLúcia Elande |
||
| 942 |
_2AGRIS _n0 _cANA |
||
| 999 |
_c212030 _d212030 |
||